[Event "Metz op"]
[Site "Metz"]
[Date "1990.??.??"]
[Round "7"]
[White "Shvidler, Eliahu"]
[Black "Rechel, Bernd"]
[Result "1-0"]
[WhiteElo "2400"]
[BlackElo "2285"]

1.c4 Nf6 2.Nc3 g6 3.e4 d6 4.d4 Bg7 5.Nf3 O-O 6.Be2 e5 7.dxe5 dxe5 8.Qxd8 Rxd8
9.Bg5 c6 10.Nxe5 Re8 11.O-O-O Na6 12.Rd6 Be6 13.f3 h6 14.Bxf6 Bxf6 15.f4 Bxe5
16.fxe5 Nc5 17.Rhd1 a5 18.b3 Kf8 19.Kb2 Ke7 20.h3 h5 21.R1d2 Red8 22.Ka3 Rdc8
23.R2d4 Rab8 24.Na4 Nd7 25.c5 Rd8 26.Rd2 h4 27.Kb2 Rf8 28.Kc3 Nxe5 29.Nb6 Rbe8
30.R2d4 f5 31.exf5 Rxf5 32.Rxh4 Rf2 33.Re4 Kf6 34.g4 Rh2 35.Re3 g5 36.Kd4 Ng6
37.Nd7+ Kf7 38.Ne5+ Nxe5 39.Rxe5 Bc8 40.Bc4+  1-0

[Event "Meudon"]
[Site "Meudon"]
[Date "1990.??.??"]
[Round "5"]
[White "Hartereau, Philippe"]
[Black "Bernard, Christophe"]
[Result "1/2-1/2"]
[WhiteElo "2170"]
[BlackElo "2335"]

1.Nf3 Nf6 2.c4 g6 3.Nc3 Bg7 4.e4 d6 5.d4 O-O 6.Be2 e5 7.d5 Na6 8.Be3 Ne8
9.Bg5 f6 10.Bh4 h5 11.h3 Bh6 12.Nd2 Ng7 13.g4 Bg5 14.Bg3 h4 15.Bh2 f5 16.f3 fxg4
17.hxg4 Be3 18.Nf1 Bg5 19.Bg1 c6 20.Be3 cxd5 21.cxd5 Bd7 22.Qd2 Bxe3 23.Nxe3 Rc8
24.Bxa6 bxa6 25.Qf2 Qg5 26.Ke2 Rb8 27.b3 Rbc8 28.Rac1 Qd8 29.Qxh4 Qa5 30.Qe1 Bb5+
31.Kf2 Rc7 32.Nxb5 Qxa2+ 33.Qe2 Qxe2+ 34.Kxe2 Rxc1 35.Rxc1 axb5 36.Rc6 Rd8
37.Nc2 Ne8 38.Na3 Rb8 39.b4 Rb7 40.Ke3 g5 41.Kd2 Kf8  1/2-1/2

[Event "URS-ch U26"]
[Site "Minsk"]
[Date "1990.??.??"]
[Round "?"]
[White "Khenkin, Igor"]
[Black "Neverov, Valeriy"]
[Result "1-0"]
[WhiteElo "2450"]
[BlackElo "2505"]

1.d4 Nf6 2.c4 g6 3.Nc3 Bg7 4.e4 d6 5.Nf3 O-O 6.Be2 e5 7.d5 a5 8.Be3 Ng4 9.Bg5 f6
10.Bh4 Na6 11.Nd2 Nh6 12.a3 Bd7 13.O-O Nf7 14.Rb1 Nc5 15.b3 Bh6 16.Qc2 Bg5
17.Bxg5 fxg5 18.b4 axb4 19.axb4 Na4 20.Nd1 c5 21.dxc6 bxc6 22.Ne3 Ra7 23.c5 dxc5
24.bxc5 Qe7 25.Rfc1 Be6 26.h3 Kg7 27.Bg4 Bxg4 28.hxg4 Rfa8 29.Rb4 Nd8 30.Nf3 Nf7
31.Ne1 Ra5 32.Nd3 R8a7 33.Rc4 Qb7 34.Rb1 Qa8 35.Rbb4 R7a6 36.g3 Qa7 37.Kg2 Kf6
38.Qc1 Nd8 39.Qa1 Nb7 40.Qc1 Nd8 41.Nxe5 Kxe5 42.Nd5 cxd5 43.Qxg5+ Ke6 44.exd5+ Kd7
45.c6+ Rxc6 46.dxc6+ Kc8 47.Qf6 Nc5 48.Rd4 Nce6 49.Rd7 Qc5 50.Rxd8+  1-0

[Event "URS-ch U26"]
[Site "Minsk"]
[Date "1990.??.??"]
[Round "?"]
[White "Piskov, Yury"]
[Black "Akopian, Vladimir"]
[Result "1/2-1/2"]
[WhiteElo "2445"]
[BlackElo "2550"]

1.d4 Nf6 2.c4 g6 3.Nc3 Bg7 4.e4 d6 5.Nf3 O-O 6.Be2 e5 7.d5 a5 8.Bg5 h6 9.Bh4 Na6
10.O-O Qe8 11.Nd2 Bd7 12.a3 a4 13.Nb5 Bxb5 14.cxb5 Nc5 15.f3 Nfd7 16.Qc2 Bf6
17.Bf2 Qe7 18.b4  1/2-1/2

[Event "Moscow2"]
[Site "Moscow"]
[Date "1990.??.??"]
[Round "?"]
[White "Yuferov, Sergey  N"]
[Black "Muhutdinov, Marat"]
[Result "0-1"]
[WhiteElo "2435"]
[BlackElo "2420"]

1.d4 Nf6 2.c4 g6 3.Nc3 Bg7 4.e4 d6 5.Be2 O-O 6.Nf3 e5 7.dxe5 dxe5 8.Qxd8 Rxd8
9.Bg5 Rf8 10.Nxe5 Nxe4 11.Nxe4 Bxe5 12.O-O-O Nc6 13.Rhe1 f6 14.Bh6 Rd8 15.f4 Bd4
16.Bf3 Bd7 17.Nd2 Nb4 18.Nb3 Bf2 19.Re7 Bf5 20.Rxd8+ Rxd8 21.Bd5+ Nxd5 22.cxd5 Rd7
23.Rxd7 Bxd7 24.Kd2 Kf7 25.Ke2 Bg1 26.h3 Bb5+ 27.Kf3 Bc4 28.Ke4 b6 29.h4 a5
30.Nc1 a4 31.g4 f5+ 32.gxf5 gxf5+ 33.Kxf5 Be3 34.b3 Bf1  0-1

[Event "Moscow2"]
[Site "Moscow"]
[Date "1990.??.??"]
[Round "?"]
[White "Khenkin, Igor"]
[Black "Zlotnik, Boris A"]
[Result "1-0"]
[WhiteElo "2450"]
[BlackElo "2465"]

1.d4 Nf6 2.c4 g6 3.Nc3 Bg7 4.e4 d6 5.Nf3 O-O 6.Be2 e5 7.d5 a5 8.Be3 Na6 9.Nd2 h5
10.h3 Nh7 11.g4 h4 12.Nf3 Bf6 13.Qd2 Be7 14.g5 Bd7 15.O-O-O c6 16.dxc6 Bxc6
17.Rhg1 Nc5 18.Bxc5 dxc5 19.Qe3 Qc7 20.Nxh4 Rfd8 21.Nf3 Rd4 22.h4 a4 23.a3 Nf8
24.Nd5 Bxd5 25.exd5 Bd6 26.Kb1 Rf4 27.Nd2 Ra6 28.Ne4 Qe7 29.h5 Rb6 30.Rd3 Nh7
31.hxg6 fxg6 32.Bg4 Kg7 33.Be6 Bc7 34.Nxc5 Nxg5 35.Qg3 e4 36.Rd2 Qxc5 37.Qxg5 Rf6
38.Rh1 Bf4 39.Qh4 Rfxe6 40.Qh8+  1-0

[Event "Moscow (Women)"]
[Site "Moscow"]
[Date "1990.??.??"]
[Round "?"]
[White "Chekhova Kostina, Tatiana M"]
[Black "Matveeva, Svetlana"]
[Result "1/2-1/2"]
[WhiteElo "2295"]
[BlackElo "2360"]

1.Nf3 Nf6 2.c4 g6 3.Nc3 Bg7 4.e4 d6 5.d4 O-O 6.Be2 e5 7.O-O exd4 8.Nxd4 Re8
9.f3 c6 10.Kh1 Nbd7 11.Bg5 h6 12.Bh4 Ne5 13.f4 Ned7 14.Bf3 Qb6 15.Nb3 a5
16.Qxd6 a4 17.Bf2 Qa6 18.Nd2 a3 19.e5 axb2 20.Rab1 Nh7 21.Rxb2 Bf8 22.Qd3 Nc5
23.Qc2 Rd8 24.Be4 Nxe4 25.Ncxe4 Bf5 26.Qb3 Ba3 27.Nc5 Bxc5 28.Bxc5 Rd3 29.Qb4 Nf8
30.Rf3 Ne6 31.Rxd3 Bxd3 32.Be3 Qa4 33.Qxb7 Qd1+ 34.Bg1 Rd8 35.Qxc6 Nxf4 36.Qf6 Ne6
37.Rb7 Rf8 38.Qf2 Qa1 39.Qe3 Rd8 40.Qf2 Bf5 41.Nf3 Rd1 42.Qb2 Be4 43.Rb8+ Kg7
44.Qxa1 Rxa1 45.Rb2 Nf4 46.h4 Bxf3 47.gxf3 Nh3 48.Rg2 Rc1 49.Kh2 Nxg1 50.Rxg1 Rxc4
51.Kg3 Ra4 52.Ra1 g5 53.hxg5 hxg5 54.a3  1/2-1/2

[Event "Moscow2"]
[Site "Moscow"]
[Date "1990.??.??"]
[Round "?"]
[White "Khenkin, Igor"]
[Black "Pichler, Juergen"]
[Result "0-1"]
[WhiteElo "2450"]
[BlackElo "2325"]

1.d4 Nf6 2.Nf3 g6 3.c4 Bg7 4.Nc3 O-O 5.e4 d6 6.Be2 e5 7.d5 a5 8.Be3 Ne8 9.c5 f5
10.cxd6 cxd6 11.Qb3 Nd7 12.Na4 b5 13.Bxb5 Rb8 14.Nc3 f4 15.Bd2 Nc7 16.a4 Nc5
17.Qc4 Rf7 18.O-O Nxb5 19.Nxb5 Ba6 20.Bxa5 Qxa5 21.b4 Qxa4 22.Rxa4 Nxa4 23.Qc2 Bxb5
24.Ra1 Nb6 25.Ng5 Rfb7 26.Ne6 Rc8 27.Qd1 h5 28.Rc1 Rxc1 29.Qxc1 Ra7 30.g3 Bh6
31.gxf4 Nc4 32.Kg2 exf4 33.Qc3 Rf7 34.Qa1 f3+ 35.Kg3 g5 36.Qa8+ Kh7 37.Qd8 Bd7
38.b5 h4+ 39.Kg4 Kg6 40.b6 Ne5+ 41.Kh3 Kh5 42.Qxg5+ Bxg5 43.b7 Nd3  0-1

[Event "Moscow (Women)"]
[Site "Moscow"]
[Date "1990.??.??"]
[Round "?"]
[White "Litinskaya, Marta I"]
[Black "Lelchuk, Zoja"]
[Result "1-0"]
[WhiteElo "2355"]
[BlackElo "2340"]

1.d4 Nf6 2.c4 g6 3.Nc3 Bg7 4.e4 d6 5.Nf3 O-O 6.Be2 e5 7.d5 a5 8.Bg5 h6 9.Bh4 Na6
10.Nd2 Qe8 11.O-O Nh7 12.a3 Bd7 13.Nb5 h5 14.f3 Bh6 15.Kh1 Be3 16.Rb1 a4
17.Be1 c6 18.Nxd6 Qb8 19.dxc6 bxc6 20.c5 Nxc5 21.N2c4 Bd4 22.f4 Ne6 23.fxe5 c5
24.Bg3 Qd8 25.Qe1 Rb8 26.Bd3 Bc6 27.Bc2 Nhg5 28.h4 Nh7 29.Qd1 Ra8 30.Qd2 Kg7
31.Rf3 Ra7 32.Rbf1 Rd7 33.Qd1 Ra7 34.Qc1 Rd7 35.Bb1 Re7 36.Ne3 Bxe3 37.Rxe3 Qa5
38.Nf5+ gxf5 39.exf5 Rd7 40.Rc3 Qa8 41.Qc2 Kh8 42.fxe6 fxe6 43.Rxf8+ Nxf8
44.Kh2 Qd8 45.Rd3 Rxd3 46.Qxd3 Qxd3 47.Bxd3 Kg7 48.Kg1 Nd7 49.Bf4 Bd5 50.Bb5 Nb6
51.Be3 Nc4 52.Bxc5 Nxb2 53.Be8 Nd3 54.Bd6 Ne1 55.g3 Nf3+ 56.Kf2 Nd2 57.Ke3 Nc4+
58.Kf4 Nb6 59.Bxh5 Bc6 60.Kg5 Nd5 61.Bf3 Nb4 62.Bxc6 Nxc6 63.h5 Nd8 64.g4 Nf7+
65.Kf4  1-0

[Event "Moscow (Women)"]
[Site "Moscow"]
[Date "1990.??.??"]
[Round "?"]
[White "Lelchuk, Zoja"]
[Black "Semenova, Lidia K"]
[Result "1-0"]
[WhiteElo "2340"]
[BlackElo "2295"]

1.d4 Nf6 2.c4 g6 3.Nc3 Bg7 4.e4 d6 5.Nf3 O-O 6.Be2 Nbd7 7.O-O e5 8.Qc2 Nh5
9.Rd1 c6 10.Rb1 Nf4 11.Bf1 Qf6 12.Be3 Re8 13.d5 Nf8 14.Nd2 c5 15.b4 b6 16.bxc5 bxc5
17.Qa4 Bg4 18.f3 Bd7 19.Qa6 Bc8 20.Qa5 Bh6 21.Kh1 Bd7 22.g3 Bg7 23.Nb5 Bxb5
24.Rxb5 Nh5 25.Rb7 Qd8 26.Qa6 f5 27.Bh3 f4 28.Bf2 fxg3 29.hxg3 Bh6 30.Nf1 Qf6
31.Nh2 Re7 32.Rxe7 Qxe7 33.Ng4 Bg5 34.Rb1 Nd7 35.Rb7 Qf8 36.Rxd7 Qxf3+ 37.Kh2 Nf4
38.Qb7  1-0

[Event "Moscow (Women)"]
[Site "Moscow"]
[Date "1990.??.??"]
[Round "?"]
[White "Belova, Valentina M"]
[Black "Domkute, R."]
[Result "0-1"]
[WhiteElo "2255"]
[BlackElo "2225"]

1.d4 g6 2.Nf3 Nf6 3.c4 Bg7 4.Nc3 d6 5.e4 O-O 6.Be2 Nbd7 7.O-O e5 8.d5 Nc5
9.Qc2 a5 10.h3 Nh5 11.Be3 Nf4 12.Bxf4 exf4 13.Nd2 Re8 14.Nb3 Bxc3 15.Nxc5 Bg7
16.Na4 Qg5 17.Kh2 f5 18.Bf3 fxe4 19.Bxe4 f3 20.g3 Qh5 21.Bxf3 Qxf3 22.Rae1 Bf5
23.Qd2 Bd3 24.Rxe8+ Rxe8 25.Re1 Rxe1 26.Qxe1 Be4  0-1

[Event "Goldberg mem"]
[Site "Moscow"]
[Date "1990.??.??"]
[Round "14"]
[White "Berkovich, Mark A"]
[Black "Kremenietsky, Anatoly M"]
[Result "1/2-1/2"]
[WhiteElo "2330"]
[BlackElo "2390"]

1.d4 Nf6 2.c4 g6 3.Nc3 Bg7 4.e4 d6 5.Nf3 O-O 6.Be2 e5 7.dxe5 dxe5 8.Qxd8 Rxd8
9.Bg5 Na6 10.Nd5 Rd6 11.Nxf6+ Bxf6 12.Bxf6 Rxf6  1/2-1/2

[Event "Muenster Elo"]
[Site "Muenster"]
[Date "1990.??.??"]
[Round "2"]
[White "Hoefker, Mathias"]
[Black "Beckmann, K."]
[Result "1/2-1/2"]
[WhiteElo "2340"]
[BlackElo "2280"]

1.d4 Nf6 2.c4 g6 3.Nc3 Bg7 4.e4 d6 5.Nf3 O-O 6.Be2 e5 7.O-O Qe8 8.d5 a5 9.Ne1 Na6
10.Nd3 Nd7 11.g4 f5 12.f3 Qe7 13.Be3 Nf6 14.Kg2 Bd7 15.h3 c6 16.Qd2 Rfc8
17.Rac1 Nb4 18.a3 cxd5 19.g5 f4 20.Bf2 Nxe4 21.fxe4 Qxg5+ 22.Kh2 Qh6 23.h4 Bf6  1/2-1/2

[Event "Muenster op"]
[Site "Muenster"]
[Date "1990.??.??"]
[Round "4"]
[White "Kishnev, Sergey"]
[Black "Meszaros, Andras"]
[Result "1-0"]
[WhiteElo "2495"]
[BlackElo "2355"]

1.d4 Nf6 2.c4 g6 3.Nc3 Bg7 4.e4 d6 5.Be2 O-O 6.Nf3 e5 7.O-O Na6 8.Re1 c6
9.Be3 Ng4 10.Bg5 Qe8 11.dxe5 dxe5 12.Nd2 f6 13.Bh4 Nh6 14.f3 Nf7 15.Bf2 Qe7
16.a3 Bh6 17.Qc2 Nc5 18.b4 Ne6 19.Nb3 Rd8 20.Rad1 Bd7 21.c5 Kh8 22.Bc4 Nf4
23.Na5 Be6 24.Bf1 Rxd1 25.Rxd1 Rd8 26.b5 Qc7 27.b6 axb6 28.cxb6 Qe7 29.Na4 Bc8
30.Nc5 Rxd1 31.Qxd1 Bf8 32.a4 Nd8 33.Nab3 Qd6 34.Qa1 Nfe6 35.a5 Kg7 36.h3 Nf4
37.Kh2 Nfe6 38.a6 bxa6 39.Bxa6 Bxa6 40.Qxa6 g5 41.b7 Nd4 42.Nxd4 exd4+ 43.Bg3 Nxb7
44.Qxb7+ Qe7 45.Ne6+ Kf7 46.Qxe7+ Bxe7 47.Nxd4 c5 48.Nf5 c4 49.Nxe7 c3 50.Bd6  1-0

[Event "Muenster op"]
[Site "Muenster"]
[Date "1990.??.??"]
[Round "4"]
[White "Dermann, Guido"]
[Black "Kovalev, Andrei"]
[Result "0-1"]
[WhiteElo "2315"]
[BlackElo "2500"]

1.d4 Nf6 2.Nf3 g6 3.c4 Bg7 4.Nc3 O-O 5.e4 d6 6.Be2 e5 7.O-O Na6 8.Qc2 Nb4
9.Qd1 Na6 10.Qc2 exd4 11.Nxd4 Re8 12.Be3 Nb4 13.Qb1 c5 14.Nb3 Ng4 15.Bxg4 Bxg4
16.h3 Be6 17.Rd1 Bxc4 18.Nxc5 Qc7 19.Nb3 Rad8 20.Nd4 Qa5 21.a3 Nc6 22.Qc2 Rc8
23.Qd2 Ne5 24.Ncb5 Qxd2 25.Bxd2 Bxb5 26.Nxb5 Nc4 27.Bc3 Bxc3 28.bxc3 Rxe4
29.Nxa7 Rc5 30.a4 Nb2 31.Rxd6 Nxa4 32.Rd4 Nxc3 33.Rd8+ Kg7 34.Nc8 Rf4 35.Nd6 Ne2+
36.Kf1 Rc2 37.Ra3 Nc3 38.f3 Rb4 39.Kg1 Rbb2 40.Kh1 Ne2 41.Ne4 Nf4  0-1

[Event "Muenster op"]
[Site "Muenster"]
[Date "1990.??.??"]
[Round "5"]
[White "Gupta, Milon"]
[Black "Werner, Dimo"]
[Result "1/2-1/2"]
[WhiteElo "2225"]
[BlackElo "2350"]

1.d4 Nf6 2.c4 d6 3.Nc3 Nbd7 4.e4 e5 5.Nf3 g6 6.Be2 Bg7 7.O-O O-O 8.Re1 c6
9.Bf1 h6 10.Qc2 Nh7 11.dxe5 dxe5 12.Be3 Qe7 13.Rad1 Nc5 14.b4 Ne6 15.c5 Nhg5
16.Nd2 Nd4 17.Bxd4 exd4 18.Ncb1 a5 19.a3 axb4 20.axb4 Bg4 21.f3 Be6 22.Nc4 Qc7
23.Nbd2 h5 24.e5 h4 25.f4 Bf5 26.Bd3 Bxd3 27.Qxd3 Ne6 28.Rf1 f5 29.Nd6 Bh6
30.g3 Kg7 31.Nf3 hxg3 32.hxg3 b6 33.Qc4 Qe7 34.Nxd4 Nxd4 35.Qxd4 Ra3 36.Rd3 bxc5
37.bxc5 Rfa8 38.Rfd1 R8a4 39.Rxa3 Rxa3 40.Rd3 Rxd3 41.Qxd3 Qa7 42.Qc3 Kh7
43.Qc2 Bf8 44.Kg2 Qa6 45.Qd2 Qa3 46.Qc2 Qe3 47.Qa2 Kh6 48.Qc2 Be7 49.Nf7+  1/2-1/2

[Event "Muenster Elo"]
[Site "Muenster"]
[Date "1990.??.??"]
[Round "5"]
[White "Molinaroli, Martin"]
[Black "Wolter, Kai"]
[Result "1-0"]
[WhiteElo "2245"]
[BlackElo "2270"]

1.d4 Nf6 2.c4 g6 3.Nc3 Bg7 4.e4 d6 5.Be2 O-O 6.Nf3 e5 7.O-O Na6 8.Re1 c6
9.d5 Ne8 10.Nd2 f5 11.a3 cxd5 12.cxd5 Nc5 13.b4 Nxe4 14.Ncxe4 fxe4 15.Nxe4 Bf5
16.Bf3 Qd7 17.Be3 Nf6 18.Nxf6+ Bxf6 19.Rc1 h5 20.Qb3 Bd8 21.Rc4 h4 22.Rec1 h3
23.g3 Qf7 24.a4 e4 25.Be2 Qxd5 26.Rd1 Qe6 27.Rxd6 Qxd6 28.Rd4+ Be6 29.Bc4 Qe5
30.Bxe6+ Kh8 31.Rd5 Qb8 32.Bd4+ Bf6 33.Qc3 Bxd4 34.Qxd4+ Kh7 35.Rd7+ Kh6
36.Qg7+ Kg5 37.Rd5+ Rf5 38.Rxf5+  1-0

[Event "Muenster op"]
[Site "Muenster"]
[Date "1990.??.??"]
[Round "8"]
[White "Kishnev, Sergey"]
[Black "Kovalev, Andrei"]
[Result "1/2-1/2"]
[WhiteElo "2495"]
[BlackElo "2500"]

1.d4 Nf6 2.c4 g6 3.Nc3 Bg7 4.e4 O-O 5.Nf3 d6 6.Be2 e5 7.O-O Na6 8.Qc2 Nb4
9.Qd1 Na6 10.Qc2 Nb4 11.Qd1  1/2-1/2

[Event "New York op"]
[Site "New York"]
[Date "1990.??.??"]
[Round "6"]
[White "Zaichik, Gennadi"]
[Black "Edelman, Daniel"]
[Result "0-1"]
[WhiteElo "2460"]
[BlackElo "2360"]

1.d4 Nf6 2.c4 g6 3.Nc3 Bg7 4.e4 d6 5.Be2 O-O 6.Nf3 e5 7.Be3 h6 8.O-O Ng4
9.Bc1 Nc6 10.d5 Ne7 11.Nd2 f5 12.Bxg4 fxg4 13.b4 b6 14.c5 bxc5 15.bxc5 g5
16.a4 Ng6 17.Ba3 Rf6 18.Rc1 Bf8 19.Nb5 a6 20.Nc3 Nh4 21.Ne2 Rb8 22.Ng3 Qe8
23.c6 a5 24.Rb1 Rxb1 25.Nxb1 Ba6 26.Qxg4 Bxf1 27.Nxf1 Qb8 28.Qd1 Qb6 29.Ne3 h5
30.Qc2 g4 31.Nc4 Rxf2 32.Qxf2 Qxb1+ 33.Qf1 Qxe4 34.Nxa5 Bh6 35.Bxd6 Nxg2
36.Bc5 Nf4 37.Kf2 Nh3+ 38.Kg3 Bf4+ 39.Kh4 Qg6 40.Be7 Ng5  0-1

[Event "New York op"]
[Site "New York"]
[Date "1990.??.??"]
[Round "7"]
[White "Bonin, Jay R"]
[Black "Popovych, Orest"]
[Result "1-0"]
[WhiteElo "2385"]
[BlackElo "2275"]

1.d4 Nf6 2.c4 g6 3.Nc3 Bg7 4.e4 d6 5.Nf3 O-O 6.Be2 Nbd7 7.O-O e5 8.Be3 c6
9.d5 Ng4 10.Bg5 f6 11.dxc6 bxc6 12.Bc1 Qe7 13.b4 Bb7 14.Nd2 Nh6 15.Nb3 Rad8
16.Be3 f5 17.f3 Nf6 18.Qc1 f4 19.Bxa7 g5 20.Bf2 g4 21.Bh4 Qe6 22.Na5 Ba8
23.Kh1 Rc8 24.Qd2 g3 25.Rfd1 Nf7 26.h3 Kh8 27.b5 Ng8 28.b6 Rb8 29.Rab1 Bb7
30.c5 Qh6 31.Bxg3 fxg3 32.Qxh6 Bxh6 33.a4 Be3 34.Nxb7 Rxb7 35.a5 Ng5 36.a6 Rg7
37.Bf1 Bxc5 38.Na4 Bf2 39.Rxd6 Ra8 40.b7 Rb8 41.Rxc6 Ne7 42.Rc2 Ba7 43.Nb6 Ne6
44.Nc8 Nd4 45.Rc7 Nec6 46.Rxg7 Kxg7 47.Rc1 Kf6 48.Bc4 Nd8 49.Nxa7 Nxb7 50.Rb1  1-0

[Event "Novi Sad ol (Men)"]
[Site "Novi Sad"]
[Date "1990.??.??"]
[Round "?"]
[White "Lautier, Joel"]
[Black "Hort, Vlastimil"]
[Result "1-0"]
[WhiteElo "2570"]
[BlackElo "2545"]

1.d4 Nf6 2.c4 g6 3.Nc3 Bg7 4.e4 d6 5.Nf3 O-O 6.Be2 Nbd7 7.O-O e5 8.Qc2 c6
9.Rd1 Qe7 10.Rb1 a5 11.b3 Nh5 12.g3 Re8 13.d5 c5 14.Ne1 Nhf6 15.a3 Nb8 16.b4 axb4
17.axb4 b6 18.bxc5 bxc5 19.Bd2 Na6 20.Nb5 Rf8 21.Ng2 Ne8 22.Bd3 f5 23.exf5 Bxf5
24.Re1 Bxd3 25.Qxd3 Nf6 26.Nf4 Rf7 27.Ne6 Ne8 28.Nxg7 Nxg7 29.f4 Re8 30.fxe5 dxe5
31.Qe4 Nb8 32.Ra1 Nf5 33.Bc3 Nd7 34.Ra6 Qg5 35.Nc7 Rb8 36.Ne6 Qf6 37.Bxe5 Nxe5
38.Qxe5 Qxe5 39.Rxe5 Nd4 40.Nxd4 cxd4 41.d6 Kg7 42.Ra2  1-0

[Event "Novi Sad ol (Men)"]
[Site "Novi Sad"]
[Date "1990.??.??"]
[Round "1"]
[White "Bischoff, Klaus"]
[Black "Ghinda, Mihail Viorel"]
[Result "0-1"]
[WhiteElo "2530"]
[BlackElo "2465"]

1.c4 g6 2.Nc3 Bg7 3.d4 d6 4.e4 Nf6 5.Nf3 O-O 6.Be2 e5 7.d5 a5 8.Bg5 h6 9.Bh4 Na6
10.Nd2 Qe8 11.b3 Bd7 12.a3 Nh7 13.f3 h5 14.Ra2 Bh6 15.Bf2 Qe7 16.Qb1 Nc5
17.O-O h4 18.Rd1 f5 19.b4 axb4 20.axb4 Na4 21.Nxa4 Rxa4 22.Bd3 h3 23.g3 Bxd2
24.Rdxd2 Ng5 25.Qd1 fxe4 26.Bxe4 Rxb4  0-1

[Event "Novi Sad ol (Men)"]
[Site "Novi Sad"]
[Date "1990.??.??"]
[Round "1"]
[White "Sosonko, Gennadi"]
[Black "Romero Holmes, Alfonso"]
[Result "1/2-1/2"]
[WhiteElo "2520"]
[BlackElo "2475"]

1.d4 Nf6 2.c4 g6 3.Nc3 Bg7 4.e4 d6 5.Nf3 O-O 6.Be2 Nbd7 7.O-O e5 8.Re1 c6
9.Bf1 a6 10.d5 c5 11.a3 Nb6 12.Nd2 a5 13.b3 Ne8 14.Rb1 Nc7 15.b4 axb4 16.axb4 cxb4
17.Rxb4 Na6 18.Rb1 Nc5 19.Nb3 Nba4 20.Nxa4 Nxa4 21.Bd2 f5 22.f3 Bd7 23.Nc1 Qc7
24.Qb3 b6 25.Nd3 Rfb8 26.Rec1 Qd8 27.Qd1 Bf6 28.Qe1  1/2-1/2

[Event "Novi Sad ol (Men)"]
[Site "Novi Sad"]
[Date "1990.??.??"]
[Round "1"]
[White "Lodhi, Mahmood"]
[Black "Zapata, Alonso"]
[Result "1-0"]
[WhiteElo "2405"]
[BlackElo "2545"]

1.d4 Nf6 2.c4 d6 3.Nc3 Nbd7 4.e4 e5 5.Nf3 g6 6.Be2 Bg7 7.O-O O-O 8.Qc2 c6
9.Rd1 Qe7 10.d5 c5 11.a3 Ne8 12.b4 f5 13.Ng5 Ndf6 14.Bd3 f4 15.bxc5 dxc5
16.Nf3 Nd6 17.Bxf4 Bg4 18.Be3 Bxf3 19.gxf3 Nh5 20.Be2 Nf4 21.Kh1 b6 22.Rg1 Rf7
23.Bf1 Raf8 24.a4 Qh4 25.Rg4 Qf6 26.Nb5 h5 27.Rg1 Bh6 28.Nxd6 Qxd6 29.a5 Kh7
30.axb6 axb6 31.Ra6 Rb8 32.Qa4 h4 33.Bxf4 Bxf4 34.Bh3 Bd2 35.Bg4 Qf8 36.Qc6 Ba5
37.Bh5 Rf6 38.Ra7+ Kh6 39.Bxg6  1-0

[Event "Novi Sad ol (Men)"]
[Site "Novi Sad"]
[Date "1990.??.??"]
[Round "1"]
[White "Schmidt, Wlodzimierz"]
[Black "Cramling, Pia"]
[Result "0-1"]
[WhiteElo "2455"]
[BlackElo "2505"]

1.Nf3 Nf6 2.c4 g6 3.Nc3 Bg7 4.e4 d6 5.d4 O-O 6.Be2 e5 7.O-O Na6 8.Re1 c6
9.Bf1 exd4 10.Nxd4 Ng4 11.h3 Qb6 12.hxg4 Qxd4 13.Qe2 Qe5 14.Be3 Nc5 15.f3 Qe7
16.Qd2 Be5 17.Bg5 Qc7 18.b4 Ne6 19.Be3 f5 20.gxf5 gxf5 21.f4 Bf6 22.Bd3 Qg7
23.Rac1 a5 24.bxa5 Bd4 25.exf5 Nxf4 26.f6 Bxe3+ 27.Rxe3 Qxf6 28.Rg3+ Kh8
29.Rf1 Bd7 30.Rgf3 Qd4+ 31.Kh2 Ng6 32.Qh6 Qg7 33.Qd2 Rxf3 34.Rxf3 Ne5 35.Rg3 Qf6
36.Ne4 Qh4+ 37.Kg1 Bf5 38.Bb1 Bxe4 39.Rh3 Qxh3 40.gxh3 Nf3+  0-1

[Event "Novi Sad ol (Men)"]
[Site "Novi Sad"]
[Date "1990.??.??"]
[Round "2"]
[White "Milos, Gilberto"]
[Black "Garcia, Raul"]
[Result "1-0"]
[WhiteElo "2540"]
[BlackElo "2230"]

1.c4 g6 2.Nf3 Bg7 3.e4 d6 4.d4 Nd7 5.Nc3 e5 6.Be2 Ngf6 7.O-O O-O 8.Qc2 exd4
9.Nxd4 c6 10.Bg5 Re8 11.Rad1 Qc7 12.Bf4 Ne5 13.h3 Nfd7 14.Bg3 f6 15.b4 a5
16.a3 axb4 17.axb4 Nf8 18.Qb3 Kh8 19.Kh1 Ne6 20.Nxe6 Bxe6 21.f4 Nf7 22.f5 Bc8
23.c5 Rd8 24.cxd6 Nxd6 25.Rd4 b6 26.Qd1 Bf8 27.fxg6 Qe7 28.Bh4 Bg7 29.e5 Qxe5
30.Ne4 Ra2 31.Nxd6  1-0

[Event "Novi Sad ol (Men)"]
[Site "Novi Sad"]
[Date "1990.??.??"]
[Round "3"]
[White "Shadarevian, Michael"]
[Black "Chola, Stanley"]
[Result "1-0"]
[WhiteElo "2365"]
[BlackElo "2235"]

1.d4 Nf6 2.Nf3 g6 3.c4 Bg7 4.Nc3 O-O 5.e4 d6 6.Be2 Nbd7 7.O-O e5 8.Be3 c6
9.Qc2 h6 10.Rad1 Qe7 11.Rfe1 Re8 12.Bf1 Ng4 13.d5 Nxe3 14.Rxe3 c5 15.Ne1 Nf6
16.Nd3 h5 17.Ree1 Bh6 18.Rb1 h4 19.b4 b6 20.a4 Nh5 21.a5 Nf4 22.Nb5 Rd8 23.Ra1 Ba6
24.bxc5 bxc5 25.g3 Nh5 26.Bg2 Bc8 27.a6 h3 28.Bf1 Rb8 29.Ra3 Rb6 30.Rea1 f5
31.Bxh3 fxe4 32.Bxc8 exd3 33.Qxd3 e4 34.Qe2 Rxc8 35.Qg4 Qe8 36.Nxa7 Ra8 37.Nb5 Nf6
38.Qh4 Bg7 39.Nc7 Qb8 40.Nxa8 Qxa8 41.a7 Rb7 42.Qg5 Kf7 43.Qf4 Bf8 44.g4 Kg7
45.g5 Nh7 46.h4 Be7 47.Qxe4 Nf8 48.f4 Bd8 49.Qe8 Qc8 50.Qe2 Qa8 51.Qe8 Qc8
52.Rg3 Qa8 53.Qc6  1-0

[Event "Novi Sad ol (Men)"]
[Site "Novi Sad"]
[Date "1990.??.??"]
[Round "3"]
[White "Sebih, Kamel"]
[Black "McNab, Colin Anderson"]
[Result "1/2-1/2"]
[WhiteElo "2260"]
[BlackElo "2385"]

1.d4 d6 2.c4 e5 3.Nf3 Nd7 4.Nc3 g6 5.e4 Bg7 6.Be2 Ngf6 7.O-O O-O 8.dxe5 dxe5
9.Qc2 c6 10.Rd1 Re8 11.h3 Qe7 12.Be3 Nh5 13.Bf1 Nf4 14.Rab1 Nf8 15.b4 Qf6
16.Ne1 N8e6 17.Ne2 Nxe2+ 18.Qxe2 Qh4 19.Qg4 Qe7 20.Qg3 a5 21.a3 axb4 22.axb4 Nd4
23.Nf3 Ra3 24.Rd3 Rxd3 25.Bxd3 h6 26.Nxd4 exd4 27.Bf4 Qe6 28.Bc7 Kh7 29.f4 f5
30.e5 Bf8 31.Bb6 Qf7 32.Qf2 Be6 33.Qxd4 Ra8 34.b5 Qe7 35.bxc6 bxc6 36.c5 Qh4
37.Rf1 Ra2 38.Rf2 Qg3 39.Rxa2 Bxa2 40.Bf1 Bd5 41.Qf2 Qb3 42.Bc7 h5 43.Bd6 Bh6
44.h4 Kg8 45.Kh2 Kf7 46.g3 Ke6 47.Bg2 Be4 48.Qd2 Qc4 49.Kg1 Bxg2 50.Kxg2 Qe4+
51.Kh2 Qc4 52.Qg2 Kd7 53.Kh3 Bg7 54.Qb2 Ke6 55.Kg2 Bh6 56.Qd2 Bg7 57.Kf2 Bh6
58.Qe2 Qb3 59.Kg2 Bg7 60.Qf3 Qa2+ 61.Kh3 Kd7 62.Qd1 Ke6 63.Bc7 Bf8 64.Bd6 Bg7
65.Bb8 Bf8 66.Bd6 Bg7  1/2-1/2

[Event "Novi Sad ol (Men)"]
[Site "Novi Sad"]
[Date "1990.??.??"]
[Round "4"]
[White "Horvath, Jozsef"]
[Black "Cid, Marino Alejandro"]
[Result "1-0"]
[WhiteElo "2540"]
[BlackElo "2440"]

1.d4 Nf6 2.c4 g6 3.Nc3 Bg7 4.e4 d6 5.Nf3 O-O 6.Be2 e5 7.Be3 Ng4 8.Bg5 f6
9.Bh4 g5 10.Bg3 Nh6 11.O-O Nc6 12.dxe5 fxe5 13.h3 Nf7 14.c5 Be6 15.cxd6 cxd6
16.Nd5 Nh8 17.Qd2 h6 18.Rfd1 Rf7 19.Ne3 Bf8 20.b4 Ng6 21.b5 Nd4 22.Nxd4 exd4
23.Nc2 d3 24.Qxd3 Nf4 25.Bxf4 Rxf4 26.Nd4 Bd7 27.g3 Rf6 28.Bg4 Be8 29.Be6+ Kh8
30.Bd5 Qd7 31.Nf5 Qxb5 32.Qd4 Bg7 33.Nxg7 Kxg7 34.Rab1 Qe2 35.Rxb7+ Kg6 36.Rb2 Qf3
37.Rd3  1-0

[Event "Novi Sad ol (Men)"]
[Site "Novi Sad"]
[Date "1990.??.??"]
[Round "4"]
[White "Hansen, Lars Bo"]
[Black "McNab, Colin Anderson"]
[Result "1-0"]
[WhiteElo "2500"]
[BlackElo "2385"]

1.d4 d6 2.Nf3 g6 3.c4 Nd7 4.Nc3 e5 5.e4 Bg7 6.Be2 Ngf6 7.O-O O-O 8.Be3 Re8
9.d5 Ng4 10.Bg5 f6 11.Bd2 f5 12.Ng5 Nf8 13.exf5 gxf5 14.Bxg4 fxg4 15.Nge4 Bf5
16.f3 Qd7 17.Bh6 Kh8 18.Qd2 Re7 19.Bg5 Rf7 20.fxg4 Bxe4 21.Rxf7 Qxf7 22.Nxe4 Qg6
23.Qe2 Nd7 24.Rf1 Nc5 25.Rf5 Nxe4 26.Qxe4 Rg8 27.h4 Qe8 28.b3 Qd7 29.Bd2 c6
30.h5 Bf8 31.Qf3 Qe8 32.Rf7 Be7 33.Bh6 Rxg4 34.Rxe7  1-0

[Event "Novi Sad ol (Men)"]
[Site "Novi Sad"]
[Date "1990.??.??"]
[Round "6"]
[White "Groszpeter, Attila"]
[Black "Ginting, Nasib"]
[Result "1/2-1/2"]
[WhiteElo "2555"]
[BlackElo "2385"]

1.d4 Nf6 2.c4 g6 3.Nc3 Bg7 4.e4 d6 5.Nf3 O-O 6.Be2 e5 7.Be3 Nbd7 8.O-O c6
9.d5 c5 10.Ne1 Ne8 11.Nd3 Qe7 12.Qd2 f5 13.exf5 gxf5 14.f4 e4 15.Nf2 Nef6
16.Rab1 Re8 17.Nb5 Nb8 18.b4 b6 19.bxc5 bxc5 20.Rb3 Na6 21.Rfb1 Ng4 22.Nxg4 fxg4
23.a3 Nc7 24.Nc3 Kh8 25.Nd1 Bf6 26.Qa5 h5 27.Rb8 Rxb8 28.Rxb8 Na6 29.Rxc8 Rxc8
30.Qxa6 Rb8 31.g3 Bd4 32.Kf2 Qf6 33.Qxa7 Rb3 34.Qa4 Rxe3 35.Nxe3 Bxe3+ 36.Kf1 Qb2
37.Qe8+ Kg7 38.Qe7+ Kg8 39.Qe8+ Kg7 40.Qe7+ Kg8 41.Qg5+ Kf8 42.Qh6+ Ke7 43.Qe6+ Kd8
44.Qxd6+ Kc8 45.Qa6+ Kd8 46.Qa5+ Kc8 47.Qa8+ Kc7 48.Qa5+ Kc8 49.Qa6+ Kc7
50.Qc6+ Kd8 51.Qd6+ Kc8 52.Qf8+ Kd7 53.Qf7+ Kd8 54.Qg8+ Kd7 55.Qe6+ Kd8 56.Qd6+  1/2-1/2

[Event "Novi Sad ol (Men)"]
[Site "Novi Sad"]
[Date "1990.??.??"]
[Round "7"]
[White "Nickoloff, Bryon"]
[Black "Reyes, Juan"]
[Result "1/2-1/2"]
[WhiteElo "2430"]
[BlackElo "2410"]

1.Nf3 Nf6 2.c4 g6 3.Nc3 Bg7 4.e4 d6 5.d4 O-O 6.Be2 e5 7.Be3 Ng4 8.Bg5 f6
9.Bh4 Nc6 10.d5 Ne7 11.Nd2 Nh6 12.f3 f5 13.b4 a5 14.bxa5 fxe4 15.fxe4 Rxa5
16.Nb3 Ra8 17.c5 Kh8 18.cxd6 cxd6 19.Bf2 Nhg8 20.O-O Bh6 21.Kh1 Nf6 22.Bf3 Bd7
23.Qe2 g5  1/2-1/2